[Event "Druzynowe Mistrzostwa Polski Juniorow 2018 - II Liga"]
[Site "Szczyrk"]
[Date "1899-12-30"]
[Round "5.88"]
[White "Wawrzyniak, Karol"]
[Black "Biesiadecki, Adam"]
[Result "1-0"]
[WhiteTitle "II"]
[BlackTitle "II"]
[WhiteElo "1222"]
[BlackElo "1415"]

1. e4 c5 2. Nf3 Nc6 3. c4 Nf6 4. Nc3 d6 5. d4 cxd4 6. Nxd4 Qb6 7. Nxc6 bxc6 8.
Be2 g6 9. O-O Bg7 10. Rb1 O-O 11. Be3 Qc7 12. f3 Be6 13. Qd2 Rfe8 14. Rfd1 Rad8
15. Bf1 Nd7 16. Rbc1 Rb8 17. Qf2 Rb7 18. b3 Qa5 19. Bd2 Qc7 20. Bf4 Be5 21. Bxe5
Nxe5 22. h3 f5 23. exf5 Bxf5 24. Qd4 Bxh3 25. f4 Bg4 26. fxe5 Bxd1 27. Rxd1 dxe5
28. Qe3 Rbb8 29. Re1 Qb6 30. Qxb6 axb6 31. Rxe5 Kf7 32. Be2 Rbd8 33. Bf3 Kf6 34.
Re2 Rc8 35. Rd2 Red8 36. Rxd8 Rxd8 37. Bxc6 Rd3 38. Nd5+ Ke5 39. Nxb6 Rd2 40.
b4 Rxa2 41. Nd5 Kd6 42. b5 Rc2 43. Ne3 Re2 44. Nf1 Rc2 45. Ne3 Re2 46. Nf1 Kc5
47. Bf3 Rb2 48. Bd5 Re2 49. Ng3 Re5 50. Ne4+ Kb6 51. Bc6 Rf5 52. c5+ Kc7 53. g3
g5 54. Kg2 g4 55. Nf2 h5 56. Nd3 e5 57. Be4 Rf6 58. b6+ Kc8 59. b7+ Kc7 60. c6
Rd6 61. Kf2 h4 62. gxh4 Rd4 63. Ke3 g3 64. Nxe5 g2 65. Bxg2 Rxh4 66. Nd7 Rb4 67.
Qb8+ Rxb8 68. Nxb8 Kxb8 69. Kd4 Kc7 70. Kc5 Kc8 71. Kb6 Kb8 72. c7+ 1-0

[Event "Druzynowe Mistrzostwa Polski Juniorow 2018 - II Liga"]
[Site "Szczyrk"]
[Date "1899-12-30"]
[Round "5.89"]
[White "Polak, Sylwia"]
[Black "Piotrowska, Florentyna"]
[Result "1/2-1/2"]
[WhiteTitle "I"]
[BlackTitle "I"]
[WhiteElo "1519"]
[BlackElo "1259"]

1. d4 d5 2. c4 e6 3. Nc3 Nf6 4. e3 Nbd7 5. Nf3 c6 6. Bd3 Bb4 7. O-O O-O 8. a3 Bxc3
9. bxc3 Qc7 10. Bb2 e5 11. dxe5 Nxe5 12. Nxe5 Qxe5 13. cxd5 Qxd5 14. Qc2 h6 15.
Rfd1 Qe6 16. c4 Qe7 17. e4 Be6 18. Rab1 Nd7 19. Qc3 f6 20. Qb4 Qxb4 21. axb4 Rfe8
22. c5 Bf7 23. f3 Ne5 24. Bxe5 Rxe5 25. Bf1 Re7 26. Rd6 Rae8 27. Rbd1 Bb3 28.
R1d4 Re6 29. g3 Kf7 30. Bh3 Rxd6 31. Rxd6 Be6 32. Kg2 Bxh3+ 33. Kxh3 Re6 34. Rd3
Ke7 35. Kg4 g6 36. h4 Re5 37. Kf4 a6 38. g4 g5+ 39. hxg5 hxg5+ 40. Ke3 Ke8 41.
f4 gxf4+ 42. Kxf4 Ke7 43. Rh3 a5 44. Rh7+ Ke6 45. bxa5 Rxc5 46. Rxb7 Rxa5 47.
Rc7 Kd6 48. Rh7 c5 49. Rh6 Ke7 50. Rh5 Kd6 51. Rd5+ Ke6 52. Ke3 Ra3+ 53. Kd2 Rg3
54. Rxc5 Rxg4 55. Ke3 Rg5 56. Rc6+ Kf7 57. Kf4 Re5 58. Ra6 Rb5 59. Ra7+ Ke6 60.
Ra6+ Kf7 61. Ra7+ Ke6 62. Ra6+ Kf7 63. Ra7+ Ke6 1/2-1/2

[Event "Druzynowe Mistrzostwa Polski Juniorow 2018 - II Liga"]
[Site "Szczyrk"]
[Date "1899-12-30"]
[Round "5.90"]
[White "Jedrzejewska, Zuzanna"]
[Black "Krzanowska, Liliana"]
[Result "1-0"]
[WhiteTitle "I"]
[BlackTitle "I"]
[WhiteElo "1242"]
[BlackElo "1000"]

1. e4 c5 2. Nf3 d6 3. d4 cxd4 4. Nxd4 Nf6 5. Nc3 g6 6. Bg5 Bg7 7. f4 Nc6 8. Nb3
Bg4 9. Be2 Bxe2 10. Qxe2 Rc8 11. O-O O-O 12. Rad1 a6 13. e5 Qb6+ 14. Kh1 dxe5
15. fxe5 h6 16. exf6 exf6 17. Nd5 Qa7 18. Bxf6 Rfe8 19. Qf3 b5 20. Bxg7 Kxg7 21.
Qf6+ Kg8 22. Rde1 Rxe1 23. Rxe1 Qb7 24. Ne7+ Nxe7 25. Rxe7 Qd5 26. h3 Qd1+ 27.
Kh2 Qd5 28. Nd4 Rd8 29. c3 Qd6+ 30. Qxd6 Rxd6 31. Ra7 h5 32. Kg3 Rb6 33. b4 Kg7
34. Kf4 Kf6 35. h4 Rd6 36. g3 Rb6 37. g4 hxg4 38. Kxg4 Rd6 39. a3 Rb6 40. h5 gxh5+
41. Kxh5 Kg7 42. Nf5+ Kf6 43. Nh6 Ke6 44. Nxf7 Kd5 45. Rc7 Rc6 46. Rxc6 Kxc6 47.
Nd8+ Kc7 48. Ne6+ Kd6 49. Nc5 Kc6 50. Nxa6 Kb6 51. Nc5 Kc6 52. a4 bxa4 53. Nxa4
Kb5 54. Nb2 Kc6 55. Kg5 Kb5 56. Kf5 Kc6 57. c4 Kb6 58. Na4+ Ka6 59. b5+ Kb7 60.
c5 Kc7 61. b6+ Kc6 62. Ke6 Kb7 63. Kd7 Kb8 64. c6 Ka8 65. Kd8 Kb8 66. c7+ Kb7
67. Qc8# 1-0

[Event "Druzynowe Mistrzostwa Polski Juniorow 2018 - II Liga"]
[Site "Szczyrk"]
[Date "1899-12-30"]
[Round "5.91"]
[White "Matyszkiewicz, Wiktor"]
[Black "Gazda, Dominik"]
[Result "1/2-1/2"]
[WhiteTitle "I"]
[BlackTitle "I"]
[WhiteElo "1771"]
[BlackElo "1567"]

1. e4 e5 2. Nf3 Nc6 3. Bc4 Nf6 4. d3 Bc5 5. O-O d6 6. c3 a6 7. a4 Be6 8. Nbd2 O-O
9. b4 Ba7 10. Qb3 Bxc4 11. Nxc4 h6 12. Be3 Bxe3 13. Nxe3 Ne7 14. b5 a5 15. Rfe1
Ng6 16. g3 Re8 17. Rab1 b6 18. Rb2 Qd7 19. Kg2 Nf8 20. Nd5 Nxd5 21. Qxd5 Qe6 22.
Qxe6 Rxe6 23. d4 Nd7 24. Nd2 Rae8 25. Rc2 f6 26. f4 exf4 27. gxf4 Kf7 28. Kf3
g5 29. Rg1 R6e7 30. c4 Kg6 31. f5+ Kf7 32. h4 Rh8 33. Rh1 Ree8 34. Kg4 h5+ 35.
Kg3 g4 36. Kf4 1/2-1/2

[Event "Druzynowe Mistrzostwa Polski Juniorow 2018 - II Liga"]
[Site "Szczyrk"]
[Date "1899-12-30"]
[Round "5.92"]
[White "Jaszczuk, Mateusz"]
[Black "Bujalski, Mateusz"]
[Result "0-1"]
[WhiteTitle "II+"]
[BlackTitle "I"]
[WhiteElo "1393"]
[BlackElo "1804"]

1. c4 Nf6 2. Nc3 c6 3. d4 d5 4. cxd5 cxd5 5. Nf3 Nc6 6. Bf4 Qb6 7. Qd2 Ne4 8. Nxe4
dxe4 9. Ne5 Qxd4 10. Nxc6 Qxd2+ 11. Bxd2 bxc6 12. Rc1 Bd7 13. e3 e6 14. Ba6 Rb8
15. Rc2 Rb6 16. Be2 Bb4 17. O-O Ke7 18. Rd1 Rhb8 19. a3 Bxd2 20. Rcxd2 Be8 21.
b4 Ra8 22. Rd4 f5 23. Bc4 a5 24. Rd6 axb4 25. axb4 Rxb4 26. Bxe6 g6 27. Bd7 Rd8
28. Re6+ Kf7 29. Rxe8 Rxd7 30. Rxd7+ Kxe8 31. Rd1 Ke7 32. Kf1 Rb2 33. h4 Rb7 34.
Ke2 Rd7 35. Rc1 Kd6 36. Kd2 c5 37. Kc3 Kc6 38. Rc2 Rd3+ 39. Kc4 Ra3 40. Rd2 Ra4+
41. Kb3 Kb5 42. Rd7 c4+ 43. Kb2 h5 44. Rg7 Ra6 45. Rc7 Rc6 46. Rb7+ Rb6 47. Rc7
Kb4 48. Rc8 Rb7 49. g3 Rb6 50. Rc7 Rd6 51. Kc2 Ra6 52. Rb7+ Kc5 53. Rb2 Ra3 54.
Kd1 Rd3+ 55. Ke1 c3 56. Rb8 Kc4 57. Rc8+ Kb3 58. Rb8+ Ka2 59. Ra8+ Kb1 60. Rb8+
Kc1 61. Rc8 c2 62. Rb8 Ra3 63. Rb7 Ra2 0-1

[Event "Druzynowe Mistrzostwa Polski Juniorow 2018 - II Liga"]
[Site "Szczyrk"]
[Date "1899-12-30"]
[Round "5.93"]
[White "Pancewicz, Szymon"]
[Black "Kucza, Kamil"]
[Result "1-0"]
[WhiteTitle "II"]
[BlackTitle "II"]
[WhiteElo "1465"]
[BlackElo "1000"]

1. e4 c6 2. d4 d5 3. exd5 cxd5 4. Bd3 e6 5. Bf4 Bd6 6. Bg3 Bxg3 7. hxg3 Nf6 8.
Nf3 h6 9. Nbd2 O-O 10. Ne5 Nc6 11. Ndf3 Nxe5 12. Nxe5 Nd7 13. Nf3 Nf6 14. Qe2
Qa5+ 15. c3 Bd7 16. Ne5 Bc6 17. g4 Nd7 18. Nxd7 Bxd7 19. g5 f5 20. gxh6 gxh6 21.
Rxh6 Be8 22. Qxe6+ Bf7 23. Qxf5 Rae8+ 24. Kf1 Re6 25. Qh7# 1-0

[Event "Druzynowe Mistrzostwa Polski Juniorow 2018 - II Liga"]
[Site "Szczyrk"]
[Date "1899-12-30"]
[Round "5.94"]
[White "Guzik, Michal"]
[Black "Sidorczuk, Pawel"]
[Result "0-1"]
[WhiteTitle "II"]
[BlackTitle "II"]
[WhiteElo "1188"]
[BlackElo "1393"]

1. e4 e5 2. Nf3 Nc6 3. Bc4 Be7 4. O-O Nf6 5. Nc3 d6 6. h3 O-O 7. d3 Be6 8. Bb3
h6 9. Be3 Bxb3 10. axb3 d5 11. exd5 Nxd5 12. Bd2 f5 13. Re1 Bf6 14. Nxd5 Qxd5
15. Bc3 Rae8 16. Nd2 Qc5 17. Nf1 e4 18. Bxf6 Rxf6 19. dxe4 fxe4 20. Ne3 Rd8 21.
Qe2 Nd4 22. Qc4+ Qxc4 23. bxc4 a6 24. Rad1 Rfd6 25. Kf1 Kf7 26. c5 R6d7 27. Ng4
Re7 28. c3 Nc6 29. Rxd8 Nxd8 30. Ne3 Ke6 31. c4 c6 32. Ng4 Kf5 33. Ke2 Ne6 34.
Ne3+ Ke5 35. Rd1 Nxc5 36. Ng4+ Kf4 37. g3+ Kg5 38. Ke3 h5 39. Nh2 Nd3 40. f4+
Kf6 41. b3 g6 42. g4 Ke6 43. Rg1 hxg4 44. hxg4 Nc5 45. b4 Nd3 46. Kxe4 Nxb4 47.
f5+ Kf6+ 48. Kf4 Nd3+ 0-1

[Event "Druzynowe Mistrzostwa Polski Juniorow 2018 - II Liga"]
[Site "Szczyrk"]
[Date "1899-12-30"]
[Round "5.96"]
[White "Uliasz, Katarzyna"]
[Black "Wolszczak, Natalia"]
[Result "1/2-1/2"]
[WhiteTitle "I"]
[BlackTitle "II+"]
[WhiteElo "1236"]
[BlackElo "1079"]

1. e4 e5 2. Nf3 Nc6 3. Bb5 a6 4. Ba4 Nf6 5. O-O Be7 6. d3 b5 7. Bb3 O-O 8. c3 Bb7
9. Re1 d6 10. d4 exd4 11. cxd4 Na5 12. Bc2 Re8 13. d5 Bc8 14. h3 Nc4 15. Nbd2
Ne5 16. Nxe5 dxe5 17. Nf3 Bc5 18. Be3 Qd6 19. Bxc5 Qxc5 20. Bd3 Bd7 21. Rc1 Qb6
22. Qc2 Rac8 23. Qc3 b4 24. Qc5 a5 25. Qxb6 cxb6 26. Rxc8 Bxc8 27. Rc1 Nd7 28.
Bb5 f6 29. Rc7 Rd8 30. Bxd7 Bxd7 31. Rb7 b5 32. Rc7 Kf8 1/2-1/2

[Event "Druzynowe Mistrzostwa Polski Juniorow 2018 - II Liga"]
[Site "Szczyrk"]
[Date "1899-12-30"]
[Round "5.103"]
[White "Markiewicz, Krzysztof"]
[Black "Rzasa, Michal"]
[Result "1/2-1/2"]
[WhiteTitle "II"]
[BlackTitle "III"]
[WhiteElo "1438"]
[BlackElo "1000"]

1. e4 d5 2. exd5 Nf6 3. Nc3 Nxd5 4. Nxd5 Qxd5 5. Nf3 Bg4 6. Be2 Nc6 7. O-O e6 8.
d4 O-O-O 9. Be3 h5 10. h3 Bd6 11. c4 Qf5 12. d5 Ne7 13. Qa4 exd5 14. Qxa7 Kd7
15. cxd5 Ke8 16. Qxb7 Bxh3 17. gxh3 Qxh3 18. Rfe1 Qg4+ 19. Kh1 Qh3+ 20. Kg1 Qg4+
21. Kh1 Qh3+ 22. Kg1 Qg4+ 23. Kh1 Qh3+ 24. Kg1 1/2-1/2

[Event "Druzynowe Mistrzostwa Polski Juniorow 2018 - II Liga"]
[Site "Szczyrk"]
[Date "1899-12-30"]
[Round "5.104"]
[White "Grubiak, Karol"]
[Black "Szczepanski, Grzegorz"]
[Result "0-1"]
[WhiteTitle "IV"]
[BlackTitle "III"]
[WhiteElo "1000"]
[BlackElo "1184"]

1. e4 e5 2. Nf3 Nc6 3. Bc4 Nf6 4. d3 Bc5 5. c3 d6 6. h3 O-O 7. Bg5 h6 8. Bh4 Be6
9. Bxe6 fxe6 10. a4 d5 11. exd5 exd5 12. d4 exd4 13. Nxd4 Nxd4 14. cxd4 Bb4+ 15.
Nc3 Re8+ 16. Kf1 Qd6 17. Bxf6 Qxf6 18. Qf3 Qxf3 19. gxf3 c6 20. Kg2 Re6 21. Rhg1
Rf8 22. Na2 Ba5 23. b4 Bb6 24. Rad1 Rg6+ 25. Kh2 Rxg1 26. Kxg1 Rxf3 27. a5 Bd8
28. Kg2 Rf4 29. Nc3 Bh4 30. Rd2 Kf7 31. f3 Bg5 32. Rd1 Ke6 33. Ne2 Rf7 34. Kg3
Be7 35. Rb1 Bd6+ 36. Kg2 Re7 37. b5 Kf5 38. Kf2 c5 39. dxc5 Bxc5+ 40. Kf1 b6 41.
axb6 axb6 42. Rd1 Re5 43. f4 Re3 44. Rxd5+ Ke6 45. Rh5 Rb3 46. f5+ Kf6 47. Kg2
Rxb5 48. Nf4 Bd6 49. Ne6 Rxf5 50. Rxf5+ Kxf5 51. Nxg7+ Kg6 52. Ne6 b5 53. Kf2
Kf6 54. Nd8 b4 55. Ke2 b3 56. Kd2 b2 57. Kc2 Be5 58. Nc6 Kf5 59. Nxe5 Kxe5 60.
Kxb2 Kf4 61. Kc2 Kg3 62. Kd2 Kxh3 63. Ke2 Kg2 64. Ke3 h5 65. Kf4 h4 66. Kg4 h3
0-1

[Event "Druzynowe Mistrzostwa Polski Juniorow 2018 - II Liga"]
[Site "Szczyrk"]
[Date "1899-12-30"]
[Round "5.105"]
[White "Zychlewicz, Tomasz"]
[Black "Bochenek, Ryszard"]
[Result "1-0"]
[WhiteTitle "II"]
[BlackTitle "II"]
[WhiteElo "1252"]
[BlackElo "1296"]

1. e4 c5 2. Nf3 e6 3. d4 cxd4 4. Nxd4 Nc6 5. Nc3 a6 6. Be2 Nge7 7. Be3 g6 8. O-O
Bg7 9. Qd2 O-O 10. Rad1 Re8 11. a4 Qc7 12. Bf3 Ne5 13. Be2 Rd8 14. Bf4 d6 15.
Qe3 N5c6 16. Nxc6 bxc6 17. Qd2 e5 18. Bg3 Bb7 19. f4 d5 20. Bd3 d4 21. Ne2 c5
22. Bc4 Rf8 23. f5 gxf5 24. exf5 Qc6 25. Nc1 Bh6 26. Qe2 Be3+ 27. Kh1 Kh8 28.
f6 Ng6 29. Nd3 Nf4 30. Bxf4 exf4 31. Ne5 Qe4 32. Qg4 Qxg2+ 33. Qxg2 Bxg2+ 34.
Kxg2 Kg8 35. Rf3 h6 36. Rh3 Kh7 37. Bd3+ Kg8 38. Kf3 Rfe8 39. Nd7 Rac8 40. Rxh6
Red8 41. Bh7+ Kh8 42. Ne5 Rc7 43. Nc6 Rxc6 44. Be4+ Kg8 45. Bxc6 c4 46. Be4 a5
47. Rh5 Rd6 48. Rf5 Kf8 49. h4 d3 50. cxd3 cxd3 51. Rxd3 Bd4 52. Rd5 Bxf6 53.
Rxd6 Bxh4 54. Kxf4 Kg7 55. Rh3 Be7 56. Ra6 1-0

[Event "Druzynowe Mistrzostwa Polski Juniorow 2018 - II Liga"]
[Site "Szczyrk"]
[Date "1899-12-30"]
[Round "5.106"]
[White "Rzasa, Mateusz"]
[Black "Baszczynski, Gabriel"]
[Result "1/2-1/2"]
[WhiteTitle "II"]
[BlackTitle "II"]
[WhiteElo "1092"]
[BlackElo "1370"]

1. e4 e5 2. Nf3 Nc6 3. Bc4 Nf6 4. d3 Bc5 5. Bg5 O-O 6. Nc3 Bb4 7. O-O Bxc3 8. bxc3
d6 9. h3 Na5 10. Bb3 Nxb3 11. cxb3 Bd7 12. Qe2 Re8 13. Rfe1 Qe7 14. Nd2 h6 15.
Bh4 g5 16. Bg3 b5 17. d4 exd4 18. cxd4 Bc6 19. e5 dxe5 20. dxe5 Rad8 21. Rad1
Nd5 22. Rc1 Bb7 23. Qxb5 c6 24. Qe2 Nb4 25. Rc3 Nxa2 26. Re3 Nb4 27. Nc4 Ba6 28.
e6 f6 29. Qb2 Bxc4 30. bxc4 Nd3 31. Qb1 Nxe1 32. Rxe1 Qh7 33. Qa2 c5 34. Qa5 Qe7
35. f3 Qb7 36. e7 Rd7 37. Re6 Rdxe7 38. Rxf6 Re6 39. Rxe6 Rxe6 40. Qd8+ Kf7 41.
Bd6 Re8 42. Qa5 Qb6 43. Qd2 Re6 44. Bg3 Re7 45. Bd6 Re6 46. Bg3 a5 47. Qc2 Kg7
48. Qc3+ Kf7 49. Qc2 Qd8 50. Qh7+ Ke8 51. Qg8+ Kd7 52. Qh7+ Kc6 53. Qc2 Qb6 54.
Qa4+ Kb7 55. Qd7+ Ka6 56. Qc8+ Ka7 57. Qd7+ Ka6 58. Qc8+ Ka7 59. Qd7+ 1/2-1/2

[Event "Druzynowe Mistrzostwa Polski Juniorow 2018 - II Liga"]
[Site "Szczyrk"]
[Date "1899-12-30"]
[Round "5.107"]
[White "Dixa, Joanna"]
[Black "Trusz, Julia"]
[Result "0-1"]
[WhiteTitle "I"]
[BlackTitle "I+"]
[WhiteElo "1388"]
[BlackElo "1699"]

1. e4 c6 2. d4 d5 3. Nc3 dxe4 4. Nxe4 Nd7 5. Nf3 Ngf6 6. Nxf6+ Nxf6 7. Bc4 Bg4
8. Be2 e6 9. c3 Be7 10. O-O O-O 11. h3 Bxf3 12. Bxf3 Qc7 13. Re1 Rad8 14. Qc2
h6 15. Bd2 Rfe8 16. Rad1 Bd6 17. Be3 Rd7 18. Qc1 Red8 19. a3 Qb8 20. c4 Bc7 21.
Rd2 e5 22. dxe5 Rxd2 23. exf6 Bf4 24. fxg7 Bxe3 25. Rxe3 Qf4 26. Qc3 Qd4 27. Qb3
Rxb2 28. Qa4 Qd2 29. Kh2 Qd6+ 30. g3 Rxf2+ 31. Kg1 Qxg3+ 32. Kh1 Qh2# 0-1

[Event "Druzynowe Mistrzostwa Polski Juniorow 2018 - II Liga"]
[Site "Szczyrk"]
[Date "1899-12-30"]
[Round "5.108"]
[White "Pietrzak, Emilia"]
[Black "Twardowska, Dominika"]
[Result "1-0"]
[WhiteTitle "II"]
[BlackTitle "IV"]
[WhiteElo "1210"]
[BlackElo "1000"]

1. e4 e5 2. d4 d6 3. Nf3 Nd7 4. Bc4 h6 5. O-O Ngf6 6. Re1 Be7 7. Nc3 O-O 8. Be3
b6 9. Qd3 Bb7 10. Rad1 c5 11. dxe5 Nxe5 12. Nxe5 dxe5 13. f3 Bc6 14. Bd5 Rc8 15.
Qc4 Qd7 16. Bxc6 Qxc6 17. Nd5 Rce8 18. Nxe7+ Rxe7 19. b4 b5 20. Qxc5 Rc7 21. Qxe5
Qxc2 22. Rc1 Nd7 23. Rxc2 Nxe5 24. Rxc7 Nd3 25. Rb1 Ra8 26. Rxa7 Re8 27. Ra3 Ne5
28. Rd1 Nc6 29. Bc5 Ne5 30. Ra5 Rb8 31. Bd6 Rd8 32. Rxb5 f6 33. Rb8 Kf7 34. Rxd8
Nc6 35. Rd7+ Ke6 36. Rc7 Ne5 37. Bxe5 fxe5 38. b5 1-0

[Event "Druzynowe Mistrzostwa Polski Juniorow 2018 - II Liga"]
[Site "Szczyrk"]
[Date "1899-12-30"]
[Round "6.1"]
[White "Karpus, Michal"]
[Black "Norek, Bartosz"]
[Result "1-0"]
[WhiteTitle "FM"]
[BlackTitle "I"]
[WhiteElo "2364"]
[BlackElo "1784"]

1. e4 c5 2. Nf3 d6 3. d4 cxd4 4. Nxd4 Nf6 5. Nc3 Nc6 6. Bg5 Qb6 7. Be3 Qc7 8. Qd2
a6 9. f3 e6 10. g4 Be7 11. O-O-O O-O 12. h4 b5 13. g5 Nd7 14. g6 Nc5 15. gxh7+
Kh8 16. Rg1 b4 17. Nxc6 Qxc6 18. Bh6 g6 19. Nd5 exd5 20. Qd4+ f6 21. Bxf8 Ne6
22. exd5 Qxc2+ 23. Kxc2 Nxd4+ 24. Rxd4 Bxf8 25. Bd3 f5 26. Rxg6 Bd7 27. Rxb4 Rc8+
28. Kb3 1-0

[Event "Druzynowe Mistrzostwa Polski Juniorow 2018 - II Liga"]
[Site "Szczyrk"]
[Date "1899-12-30"]
[Round "6.2"]
[White "Hryn, Zofia"]
[Black "Poltorak, Sebastian"]
[Result "0-1"]
[WhiteTitle "I++"]
[BlackTitle "I"]
[WhiteElo "1668"]
[BlackElo "1810"]

1. e4 c5 2. Nf3 Nc6 3. Bb5 g6 4. O-O Bg7 5. Re1 Nf6 6. c3 O-O 7. Na3 a6 8. Bxc6
bxc6 9. e5 Nd5 10. Nc4 d6 11. d3 Rb8 12. d4 cxd4 13. Nxd4 Bb7 14. Bg5 dxe5 15.
Nxe5 Bxe5 16. Rxe5 f6 17. Ne6 Qc8 18. Nxf8 fxe5 19. c4 Qxf8 20. cxd5 cxd5 21.
Rc1 Rc8 22. Rxc8 Qxc8 23. Bxe7 Qc6 24. f3 Qb6+ 25. Kf1 a5 26. Qb3 Ba6+ 27. Ke1
Qg1+ 28. Kd2 Qxg2+ 29. Kc1 Qf1+ 30. Kc2 Qf2+ 31. Kc1 Qg1+ 32. Kc2 Qxh2+ 33. Kd1
Qg1+ 34. Kc2 Qf2+ 35. Kc1 Qf1+ 36. Kc2 Qe2+ 37. Kc1 Qc4+ 38. Qxc4 Bxc4 39. a3
Kf7 40. Bd8 Be2 41. Bc7 Ke6 42. f4 e4 43. Bxa5 d4 44. b4 Bb5 45. Bb6 Kd5 46. Kd2
e3+ 47. Ke1 Ke4 48. Bc7 d3 49. a4 d2+ 0-1

[Event "Druzynowe Mistrzostwa Polski Juniorow 2018 - II Liga"]
[Site "Szczyrk"]
[Date "1899-12-30"]
[Round "6.3"]
[White "Meers, Hubert"]
[Black "Wielgus, Wojciech"]
[Result "1-0"]
[WhiteTitle "I+"]
[BlackTitle "I"]
[WhiteElo "1808"]
[BlackElo "1652"]

1. Nf3 d5 2. g3 Nf6 3. Bg2 Bf5 4. O-O c6 5. d3 h6 6. Nfd2 e6 7. e4 Bh7 8. f4 Bc5+
9. Kh1 O-O 10. e5 Nfd7 11. Nb3 Be7 12. Be3 a5 13. a4 Na6 14. Qd2 Nac5 15. Nd4
Qc7 16. Bh3 Kh8 17. Nc3 Rac8 18. Rae1 b6 19. f5 exf5 20. Nxf5 Rce8 21. Bxh6 gxh6
22. Qxh6 Rg8 23. Nd6 Bxd6 24. Rxf7 1-0

[Event "Druzynowe Mistrzostwa Polski Juniorow 2018 - II Liga"]
[Site "Szczyrk"]
[Date "1899-12-30"]
[Round "6.4"]
[White "Warchol, Kamil"]
[Black "Zabrzanska, Weronika"]
[Result "1/2-1/2"]
[WhiteTitle "CM"]
[BlackTitle "I++"]
[WhiteElo "1540"]
[BlackElo "1570"]

1. e4 e5 2. Nf3 Nc6 3. Bc4 Bc5 4. c3 Nf6 5. d3 d6 6. O-O O-O 7. h3 a6 8. a4 Ba7
9. Re1 Ne7 10. Bg5 Ng6 11. Nh4 Nxh4 12. Bxh4 Qe7 13. Qf3 h6 14. Bxf6 Qxf6 15.
Qxf6 gxf6 16. Nd2 f5 17. b4 fxe4 18. dxe4 Re8 19. Reb1 Be6 20. b5 a5 21. Bxe6
Rxe6 22. Nc4 Bc5 23. b6 c6 24. Rd1 Kf8 25. Rd2 Ke7 26. Ne3 Bxe3 27. fxe3 Rf6 28.
c4 c5 29. Rad1 Ra6 30. Rb1 Kd7 31. Re2 Kc6 32. Reb2 Kd7 33. Re2 Kc6 34. Reb2 Kd7
35. Rc2 Kc6 36. Rcb2 Kd7 37. Rc2 1/2-1/2

[Event "Druzynowe Mistrzostwa Polski Juniorow 2018 - II Liga"]
[Site "Szczyrk"]
[Date "1899-12-30"]
[Round "6.5"]
[White "Leczek, Weronika"]
[Black "Hryn, Aleksandra"]
[Result "1/2-1/2"]
[WhiteTitle "k"]
[BlackTitle "I"]
[WhiteElo "1832"]
[BlackElo "1643"]

1. d4 Nf6 2. Nf3 e6 3. g3 d5 4. Bg2 Be7 5. c4 O-O 6. O-O c6 7. Qc2 b6 8. Nbd2 Bb7
9. Re1 Nbd7 10. e4 dxe4 11. Nxe4 Nxe4 12. Qxe4 Nf6 13. Qe2 Re8 14. Ne5 Rc8 15.
Rd1 Bd6 16. Bf4 Qe7 17. a3 c5 18. dxc5 Bxc5 19. Bxb7 Qxb7 20. b4 Be7 21. Rab1
Qa6 22. Qf3 h6 23. h4 Qa4 24. g4 Red8 25. g5 hxg5 26. hxg5 Nd7 27. Nxf7 Kxf7 28.
Bd6+ Kg8 29. Bxe7 Re8 30. Qb7 Ne5 31. c5 bxc5 32. Bxc5 Qxa3 33. Be3 Rf8 34. Qe4
Rf5 35. f4 Rc4 36. Qa8+ Kh7 37. Qxa7 Qxa7 38. Bxa7 Rcxf4 39. Rb2 Rxg5+ 40. Rg2
Rxg2+ 41. Kxg2 Rxb4 42. Re1 Ng6 43. Bc5 Rc4 44. Bd6 Rc2+ 45. Kg3 e5 46. Bxe5 Nxe5
47. Rxe5 1/2-1/2

[Event "Druzynowe Mistrzostwa Polski Juniorow 2018 - II Liga"]
[Site "Szczyrk"]
[Date "1899-12-30"]
[Round "6.6"]
[White "Kieca, Aleksandra"]
[Black "Slusarczyk, Milena"]
[Result "1-0"]
[WhiteTitle "I"]
[BlackTitle "I+"]
[WhiteElo "1458"]
[BlackElo "1422"]

1. e4 c5 2. b3 e6 3. Bb2 Nf6 4. Nc3 Be7 5. Nf3 Nc6 6. e5 Ng4 7. Nb5 O-O 8. h3 Nh6
9. Nd6 Qc7 10. Bd3 Bxd6 11. exd6 Qxd6 12. Ng5 f5 13. g4 Ne5 14. Be2 Nhf7 15. Nxf7
Rxf7 16. gxf5 Rxf5 17. Rg1 Qe7 18. d4 cxd4 19. Qxd4 Ng6 20. Bd3 Re5+ 21. Kd1 Rd5
22. Qc3 Rc5 23. Qb4 Rg5 24. Qxe7 Rxg1+ 25. Kd2 Nxe7 26. Rxg1 g6 27. h4 Nf5 28.
h5 Kf7 29. hxg6+ hxg6 30. Rh1 d6 31. Ba3 Kg7 32. Bb2+ e5 33. f4 Nd4 34. Bxd4 exd4
35. Rg1 Kf7 36. Rxg6 Ke7 37. Be4 Kd7 38. Kd3 Kc7 39. Kxd4 Bd7 40. f5 Rf8 41. f6
Bc6 42. Bd5 Kd7 43. Rg7+ Ke8 44. f7+ Ke7 45. Rg8 Bxd5 46. Rxf8 Kxf8 47. Kxd5 Kxf7
48. Kxd6 Kf6 49. Kc7 b5 50. Kb7 Ke5 51. Kxa7 Kd4 52. Kb6 b4 53. Kb5 Kc3 54. Kc5
1-0

[Event "Druzynowe Mistrzostwa Polski Juniorow 2018 - II Liga"]
[Site "Szczyrk"]
[Date "1899-12-30"]
[Round "6.7"]
[White "Hrymowicz, Artur"]
[Black "Luczak, Filip"]
[Result "0-1"]
[WhiteTitle "I++"]
[BlackTitle "CM"]
[WhiteElo "2123"]
[BlackElo "2044"]

1. e4 c5 2. Nf3 e6 3. d4 cxd4 4. Nxd4 Nc6 5. Nc3 Qc7 6. Be2 a6 7. O-O Nf6 8. a3
Nxd4 9. Qxd4 Bd6 10. Kh1 Be5 11. Qd3 b5 12. f4 Bxc3 13. bxc3 Bb7 14. e5 Ne4 15.
Bf3 Nc5 16. Qd4 Bxf3 17. Rxf3 Na4 18. Bd2 Qc5 19. Rd3 Qxd4 20. cxd4 O-O 21. Ra2
Rfc8 22. Ba5 Rc4 23. Kg1 Rac8 24. Rd2 Nc3 25. Bxc3 Rxc3 26. d5 h5 27. dxe6 dxe6
28. a4 b4 29. a5 Ra3 30. Rb2 Rc4 31. g3 Rxa5 32. Rd7 Ra1+ 33. Kg2 Rc1 34. Rd2
a5 35. Ra2 Rc5 36. Kh3 Kh7 37. Kh4 Kg6 38. h3 Kh6 39. Re2 Rc4 40. g4 Rxf4 41.
Kg3 Rc4 42. Rxa5 Rc3+ 43. Kf4 g5+ 44. Ke4 Rf1 45. Kd4 Rf4+ 46. Re4 Rxe4+ 47. Kxe4
Rxc2 48. gxh5 Rc4+ 49. Kf3 Kxh5 50. Ra8 Kg6 51. Ra7 Rc1 52. Rb7 Rb1 53. Kg2 b3
54. Kh2 b2 55. Kg2 Re1 56. Rxb2 Rxe5 57. Kg3 Re3+ 58. Kg2 Rc3 59. Rb6 Kf5 60.
Rb4 e5 61. Rb6 f6 62. Ra6 e4 63. Ra8 Kf4 64. Ra6 Rc2+ 65. Kg1 f5 66. Ra5 e3 0-1

[Event "Druzynowe Mistrzostwa Polski Juniorow 2018 - II Liga"]
[Site "Szczyrk"]
[Date "1899-12-30"]
[Round "6.8"]
[White "Grzesik, Gracjan"]
[Black "Jordan, Adam"]
[Result "1-0"]
[WhiteTitle "I"]
[BlackTitle "I"]
[WhiteElo "1884"]
[BlackElo "1830"]

1. c4 c5 2. Nc3 Nc6 3. g3 g6 4. Bg2 Bg7 5. d3 Nf6 6. e3 O-O 7. Nge2 e6 8. d4 cxd4
9. Nxd4 d5 10. cxd5 exd5 11. O-O Be6 12. Re1 Rc8 13. Bd2 Nxd4 14. exd4 Rc4 15.
Be3 Ng4 16. Rc1 Nxe3 17. fxe3 Qd7 18. b3 Rc6 19. Qd2 Bh6 20. Ne2 Rfc8 21. Rxc6
bxc6 22. Rc1 Bf5 23. Nf4 Qe7 24. Rc3 Bd7 25. Qc1 Re8 26. Qd2 Bf8 27. Kf2 g5 28.
Nd3 Qf6+ 29. Kg1 Bd6 30. Qf2 Qe7 31. Kf1 Qxe3 32. Qxe3 Rxe3 33. Kf2 Re7 34. Nc5
Bxc5 35. Rxc5 f5 36. Ra5 Be6 37. Rc5 Rc7 38. b4 Rc8 39. b5 cxb5 40. Bxd5 Re8 41.
Rc8 Kg7 42. Rxe8 Bxd5 43. Re7+ Kf6 44. Rxa7 h5 45. Ra6+ Ke7 46. a3 Bc4 47. Rc6
g4 48. a4 Bd3 49. axb5 Bxb5 50. Rh6 Bd3 51. Ke3 Be4 52. Kf4 h4 53. Rxh4 Kd6 54.
Rxg4 1-0

[Event "Druzynowe Mistrzostwa Polski Juniorow 2018 - II Liga"]
[Site "Szczyrk"]
[Date "1899-12-30"]
[Round "6.9"]
[White "Kozlowski, Michal"]
[Black "Majewski, Krzysztof"]
[Result "1-0"]
[WhiteTitle "I"]
[BlackTitle "II+"]
[WhiteElo "1742"]
[BlackElo "1695"]

1. e4 e6 2. d4 d5 3. exd5 exd5 4. Bd3 Bd6 5. Ne2 Ne7 6. Bf4 Bf5 7. O-O O-O 8. Bxd6
Qxd6 9. Ng3 Bxd3 10. Qxd3 Nbc6 11. c3 Nd8 12. Nd2 Ne6 13. Nf3 Nf4 14. Qd2 Nfg6
15. Rfe1 Rfe8 16. Re2 Qf4 17. Re3 Nc6 18. Rae1 Rxe3 19. fxe3 Qf6 20. e4 dxe4 21.
Nxe4 Qf4 22. Qe2 Rf8 23. b3 Qg4 24. h3 Qd7 25. Nc5 Qd5 26. c4 Qd6 27. Nxb7 Qb4
28. Nc5 Nxd4 29. Nxd4 Qxc5 30. Qe3 a6 31. Nc2 Qxe3+ 32. Rxe3 Rd8 33. Nb4 a5 34.
Nd5 c6 35. Ne7+ Nxe7 36. Rxe7 Kf8 37. Ra7 Rd1+ 38. Kh2 a4 39. Rxa4 Ke7 40. Kg3
Rd2 41. Ra7+ Ke6 42. Rc7 Rxa2 43. Rxc6+ Kd7 44. Rb6 Kc7 45. c5 Rc2 46. b4 h5 47.
Kf3 h4 48. Ra6 Rc3+ 49. Ke4 Rc4+ 50. Kd5 Rxb4 51. Ra7+ Kd8 52. Rxf7 g5 53. Rg7
Rb2 54. Rxg5 Rd2+ 55. Kc6 Ke7 56. Kc7 Rd7+ 57. Kb6 Rd2 58. c6 Rb2+ 59. Kc7 Rc2
60. Rg4 Rd2 61. Rxh4 Rxg2 62. Re4+ Kf6 63. Kc8 Rg3 64. c7 Rxh3 65. Rb4 Ke6 66.
Kb8 1-0